Strzelcy bramek w reprezentacji Polski za kadencji Engela - Statystyki

Ogólne statystyki
  • Ten quiz został rozwiązany 81 razy
  • Średni wynik to 8 z 10
Statystyki odpowiedzi
Liczba goli Piłkarz % Poprawnych
11 Olisadebe
97%
5 Marcin Żewłakow
85%
1 Michał Żewłakow
85%
2 Hajto
81%
6 Kryszałowicz
80%
3 Żurawski
80%
1 Krzynówek
71%
7 Kałużny
68%
1 Frankowski
59%
3 Karwan
57%
Nie znaleziono quizów pasujących do podanych kryteriów
Rozkład punktacji
Procent ludzi z każdym wynikiem
Percentyl według liczby udzielonych odpowiedzi
Twoja historia wyników
Nie rozwiązałeś tego quizu